000 00891nam a2200241Ia 4500
005 20241216011600.0
008 190627s9999||||xx |||||||||||||| ||und||
020 _a978-987-3607-71-4
082 _a620.112
_bP45
100 _aPERLES, PEDRO
245 0 _aTEMAS DE RESISTENCIA DE MATERIALES
_bINTRODUCCIÓN A NUEVA NORMA CIRSOC 301 - 05 Y CIRSOC 601 - 05 - 13
250 _a4
260 _aBUENOS AIRES - ARGENTINA
_bDISEÑO EDITORIAL
_c2015
300 _a91 pag.
_c29 cm.
341 _h79
440 _aCIVIL
490 _v0
_a0
505 _aCONCEPTOS BASICOS DE RESISTENCIA DE MATERILAES, FLEXIONAL. ANALISIS TENSIONAL, MADERA, RESOLUCIÓN GENERAL DE UN ENTREPISO, TEORÍA PLASTICA, CORTE EN VIGAS, FLEXIÓN OBLICUA, COLUMNAS. PANDEO, COLUMNAS A FLEXO COMPRESIÓN
541 _aC
_bSAN CRISTOBAL
_d29-May-19
_oSoles
650 _aCIVIL
856 _zCC. Aplicadas
942 _cLIBRO
999 _c45792
_d45792